Statistieken voor Landen aan de Kaspische Zee

Klik hier om de quiz te nemen!

Algemene statistieken

  • Deze quiz is 646 keer genomen
  • De gemiddelde score is 4 van 5

Antwoordstatistieken

Land% Correct
Rusland
93%
Turkmenistan
88%
Azerbeidzjan
86%
Kazachstan
83%
Iran
82%

Scoreverdeling

Percentiel versus Aantal Correcte Antwoorden

Procent van Mensen met Elke Score

Uw Scoregeschiedenis

U heeft deze quiz nog niet genomen